000 00809nam a2200241Ia 4500
003 OSt
005 20220923224956.0
006 a|||||r|||| 00| 0
007 ta
008 220922b |||||||| |||| 00| 0 hin d
024 _a254,541
037 _cTextual
040 _aARTS
_cARTS
_bhin
041 _2hin
_ahin
082 _aO15,3D60,11:g, 152N1
100 _aभट्ट, राजेश्वरी
_9156270
245 0 _aकादम्बरी का काव्य शास्त्रीय अध्ययन
246 _aKādambarī kā kāvya shāstrīya adhyayana
260 _c1991
650 _aहिन्दी साहित्य
_9156264
942 _hO15,3D60,11:g, 152N1
_cTEXL
_2CC
999 _c375136
_d375136